LA GUERRA DE LA INDEPENDENCIA EN QUERÉTARO 1810-1821 (Registro nro. 68675)
[ vista simple ]
| 000 -CABECERA | |
|---|---|
| campo de control de longitud fija | 00504nam a22001817a 4500 |
| 003 - IDENTIFICADOR DEL NÚMERO DE CONTROL | |
| campo de control | BPGM |
| 008 - DATOS DE LONGITUD FIJA--INFORMACIÓN GENERAL | |
| campo de control de longitud fija | 260626b mx ||||| |||| 001 0 spa d |
| 040 ## - FUENTE DE LA CATALOGACIÓN | |
| Lengua de catalogación | spa |
| 240 ## - TÍTULO UNIFORME | |
| Título uniforme | LL |
| 245 ## - MENCIÓN DE TÍTULO | |
| Título | LA GUERRA DE LA INDEPENDENCIA EN QUERÉTARO 1810-1821 |
| 250 ## - MENCIÓN DE EDICIÓN | |
| Mención de edición | 2010 |
| 260 ## - PUBLICACIÓN, DISTRIBUCIÓN, ETC. | |
| Lugar de publicación, distribución, etc. | MÉXICO |
| Nombre del editor, distribuidor, etc. | INSTITUTO DE ESTUDIOS CONSTITUCIONALES |
| 300 ## - DESCRIPCIÓN FÍSICA | |
| Extensión | 878 |
| Dimensiones | 29 cm x 24 cm |
| 336 ## - TIPO DE CONTENIDO | |
| Fuente | rdacontent |
| Término de tipo de contenido | texto |
| Código de tipo de contenido | txt |
| 337 ## - TIPO DE MEDIO | |
| Fuente | rdamedia |
| Nombre/término del tipo de medio | sin mediación |
| Código del tipo de medio | n |
| 338 ## - TIPO DE SOPORTE | |
| Fuente | rdacarrier |
| Nombre/término del tipo de soporte | volumen |
| Código del tipo de soporte | nc |
| 942 ## - ELEMENTOS DE PUNTO DE ACCESO ADICIONAL (KOHA) | |
| Fuente del sistema de clasificación o colocación | Dewey Decimal Classification |
| Tipo de ítem Koha | Colección Querétaro |
| Estado de retiro | Estado de pérdida | Fuente del sistema de clasificación o colocación | Especificación de materiales (volumen encuadernado u otra parte) | Estado dañado | No para préstamo | Localización permanente | Ubicación/localización actual | Fecha de adquisición | Fuente de adquisición | Total de préstamos | Fecha visto por última vez | Precio válido a partir de | Tipo de ítem Koha | Número de copia |
|---|---|---|---|---|---|---|---|---|---|---|---|---|---|---|
| Dewey Decimal Classification | V.1 | BIBLIOTECA PÚBLICA CENTRAL ESTATAL “FRANCISCO CERVANTES” | BIBLIOTECA PÚBLICA CENTRAL ESTATAL “FRANCISCO CERVANTES” | 06/26/2026 | DONACION | 06/26/2026 | 06/26/2026 | Colección Querétaro | ||||||
| Dewey Decimal Classification | V.2 | BIBLIOTECA PÚBLICA CENTRAL ESTATAL “FRANCISCO CERVANTES” | BIBLIOTECA PÚBLICA CENTRAL ESTATAL “FRANCISCO CERVANTES” | 06/26/2026 | DONACION | 06/26/2026 | 06/26/2026 | Colección Querétaro | ||||||
| Dewey Decimal Classification | V.3 | BIBLIOTECA PÚBLICA CENTRAL ESTATAL “FRANCISCO CERVANTES” | BIBLIOTECA PÚBLICA CENTRAL ESTATAL “FRANCISCO CERVANTES” | 06/26/2026 | DONACION | 06/26/2026 | 06/26/2026 | Colección Querétaro | 1 | |||||
| Dewey Decimal Classification | V.3 | BIBLIOTECA PÚBLICA CENTRAL ESTATAL “FRANCISCO CERVANTES” | BIBLIOTECA PÚBLICA CENTRAL ESTATAL “FRANCISCO CERVANTES” | 06/26/2026 | DONACION | 06/26/2026 | 06/26/2026 | Colección Querétaro | 2 | |||||
| Dewey Decimal Classification | V.3 | BIBLIOTECA PÚBLICA CENTRAL ESTATAL “FRANCISCO CERVANTES” | BIBLIOTECA PÚBLICA CENTRAL ESTATAL “FRANCISCO CERVANTES” | 06/26/2026 | DONACION | 06/26/2026 | 06/26/2026 | Colección Querétaro | 3 | |||||
| Dewey Decimal Classification | V.4 | BIBLIOTECA PÚBLICA CENTRAL ESTATAL “FRANCISCO CERVANTES” | BIBLIOTECA PÚBLICA CENTRAL ESTATAL “FRANCISCO CERVANTES” | 06/26/2026 | DONACION | 06/26/2026 | 06/26/2026 | Colección Querétaro | 1 | |||||
| Dewey Decimal Classification | V.4 | BIBLIOTECA PÚBLICA CENTRAL ESTATAL “FRANCISCO CERVANTES” | BIBLIOTECA PÚBLICA CENTRAL ESTATAL “FRANCISCO CERVANTES” | 06/26/2026 | DONACION | 06/26/2026 | 06/26/2026 | Colección Querétaro | 2 |